000 01064cam a2200301 a 4500
001 000012235
005 20240516134500.0
008 800930s1970 sp 001 0 spa
035 _a(OCoLC)6770596
040 _aDO-SdBNP
_cTxHU-L
_dDLC
042 _apremarc
043 _ae-sp---
082 _a382
_bF363p
100 1 _aFernández Nóvoa, Carlos.
_928877
245 1 3 _aLa protección internacional de las denominaciones geográficas de los productos. /
_cCarlos Fernández Nóvoa.
260 _aMadrid, :
_bTecnos,
_c1970.
300 _axx, 228 p. ;
_c23 cm.
490 1 _aBiblioteca Tecnos de estudios jurídicos
500 _aRunning title : Proteccion de las denominaciones geograficas.
504 _aBibliography : p. [xv]-xvii.
650 0 _aComercio internacional
_910367
650 4 _aMarcas de procencia
_928878
650 0 _aCompetencia desleal
_928879
740 0 _aProteccion de las denominaciones geograficas.
830 0 _aBiblioteca Tecnos de estudios jurídicos ;
_928880
910 _aCatalogación por copia/LC
049 _aBNGR
999 _c11894
_d11894